000 00776nam a22003137a 4500
003 IBSLLIB
005 20260513072924.0
008 260513b |||||||| |||| 00| 0 eng d
020 _a0798137584
040 _aIBSLLIB
_beng
041 _hEng
082 _a658.4
_bSUN
100 _aSunter , Clem
245 _aWhat it really takes to be World Class
260 _aCape Town :
_bHuman & Rousseau Ltd ,
_c1997
300 _a186 p ;
_c22 cm
505 _aBusiness
505 _aGovernment
505 _aThe Economy
505 _aCities
505 _aSports
505 _aEducation
505 _aIndividual
650 _aTechnology
650 _aManagement and auxiliary services
653 _aBusiness
653 _aSports
942 _cLBK
999 _c22122
_d22122